000
00313nam a2200157Ia 4500
100
_a
Brahmankar/ D.B.
490
_v
2
942
_c
BK
654
_a
mathematics I
245
_a
Applied Mathematics-I
260
_b
Nandu Pub
_c
2002
082
_a
519
_b
BRA
300
_a
391
546
_a
ENGLISH
999
_c
21699
_d
21699